LIBRARY & INFORMATION CENTRE, KCAET, TAVANUR

ONLINE PUBLIC ACCESS CATALOGUE (OPAC)

Agribusiness Management | A training manual (Record no. 15648)

MARC details
000 -LEADER
fixed length control field 00398nam a22001577a 4500
003 - CONTROL NUMBER IDENTIFIER
control field OSt
008 - FIXED-LENGTH DATA ELEMENTS--GENERAL INFORMATION
fixed length control field 190523b ||||| |||| 00| 0 eng d
020 ## - INTERNATIONAL STANDARD BOOK NUMBER
ISBN 9788176223508
082 ## - DEWEY DECIMAL CLASSIFICATION NUMBER
Classification number 630.68
Item number RAM/AG
245 ## - TITLE STATEMENT
Title Agribusiness Management
Remainder of title A training manual
260 ## - PUBLICATION, DISTRIBUTION, ETC. (IMPRINT)
Place of publication New Delhi
Name of publisher Biotech Books
Year of publication 2016
300 ## - PHYSICAL DESCRIPTION
Number of Pages 232 p.
700 ## - ADDED ENTRY--PERSONAL NAME
Personal name Ram Singh
700 ## - ADDED ENTRY--PERSONAL NAME
Personal name Feroze S M
942 ## - ADDED ENTRY ELEMENTS (KOHA)
Koha item type Books
Holdings
Withdrawn status Lost status Damaged status Collection code Home library Current library Shelving location Date acquired Cost, normal purchase price Full call number Accession Number Koha item type Source of acquisition
      Non-fiction KAUAET KAUAET General Stacks 23/05/2019 1350.00 630.68 RAM/AG 25866 Books  
        KAUAET KAUAET KAU- SC Sub plan 31/03/2022 2000.00 630.68 RAM/AG 26059 Books TBS
free website counter